Представление документа в формате RUSMARC

Поле Инд. ПП Название Значение
Тип записи a
Библиографический уровень a
001 Контрольный номер 261fb782f2cb46ce9e3289ea906818e5
005 Дата корректировки 20181120134556.2
100 a Данные общей обработки 20180821 ||| 0rusy0189 ca
101 0_ a Язык текста rus
102 a Страна публикации RU
200 1_ f Первые сведения об ответственности Л.Г. Берлявский
a Заглавие Верховный суд США в период "Нового курса" Ф.Д. Рузвельта
210 d Дата издания 2018
461 _0 1 2000
a Российский судья
463 _0 1 2000
a №3
v С. 47-51
1 2101
d 2018
1 00116f14ab4b610419dafd3beaeda6577f5
606 a Основная рубрика Международное право. Право отдельных стран
610 0_ a Ключевые слова США
a Ключевые слова КОНСТИТУЦИИ
700 _1 a Фамилия Берлявский
b Имя Л.Г.
801 _0 a Страна RU
b Организация РГУП
c Дата составления 20180821
g Правила каталогизации PSBO
801 _1 a Страна RU
b Организация РГУП
c Дата составления 20180821
g Правила каталогизации PSBO
901 t Тип документа b
w Контрольный № источника 16f14ab4b610419dafd3beaeda6577f5
905 a Дата ввода 20180821